Statistics for Mortal Kombat 11

Click here to take the quiz!

General Stats

  • This quiz has been taken 214 times
    (208 since last reset)
  • The average score is 25 of 27

Answer Stats

HintAnswer% Correct
Protector Of Earthrealm, Servant Of The Elder Gods, Wields Lightning and ThunderRaiden
99%
Spectre of the Netherrealm, Most Iconic Kharacter Of The FranchiseScorpion/ Hanzo Hasashi
99%
Cryomancer, Title Held By Two Brothers, Grandmaster of Lin KueiSub-Zero/ Kuai Liang
99%
Tarkatan, Wields Blades Jutting From His WristsBaraka
98%
Leader Of The Black Dragon, Metal Side Of Face, Wields KnivesKano
97%
Daughter Of The Above, Wields Green Energy, Dual Pistols, And BubblegumCassie Cage
96%
Former Special Forces Commander, Wields Metal Arms And A Cigar(Sometimes)Jax
96%
Humorous Earthrealm Actor-Turned-Kombatant, Wields Green Energy And SunglassesJohnny Cage
96%
Also A Shaolin Monk, Wields A Razor-Sharp Hat, Now A Revenant Of NetherrealmKung Lao
96%
General Of The Special Forces, Former Wife Of The AboveSonya Blade
96%
Earthrealm Bounty Hunter, Influenced By Old West Appearance, Uses Dual PistolsErron Black
95%
A Shaolin Monk, A Champion Of Mortal Kombat, Now Ruler Of The NetherrealmLiu Kang
95%
Edenian Princess, Uses Weaponized Fans, Now Queen Of The NetherrealmKitana
94%
Former Emperor Of Outworld, Wields War-Hammer, Says "You Suck"Shao Kahn
94%
Servant Of The Above, Uses Blood MagicSkarlet
94%
Prodigy Of #1, Uses Cryomancing, Female Lin KueiFrost
93%
Earthrealm Hero/ Black Dragon Thug, Has Superspeed and HookswordsKabal
93%
Controller of Time, Main Antagonist Of The GameKronika
93%
Bug-like Kharacter, Backstabbing Servant Of ShinnokD'Vorah
92%
Edenian Assassin, Wields A Powerful Staff And Glaives, Now A RevenantJade
92%
Brother Of #1, Dark Ninja Formed From Dark Energy Of The NetherrealmNoob Saibot
92%
Elder God Of Nature, Shinnok's Sister, Daughter Of #3Cetrion
91%
Osh-Tekk Emperor Of Outworld, Influenced By Aztec CivilizationKotal Kahn
91%
Servant And Creation Of The Above, Also Able To Control TimeGeras
90%
Has Four Arms, Works For #5, Kollects Objects Across The RealmsKollector
89%
Daughter Of The Above, Special Forces, Uses Gauntlets That Can Fire BulletsJacqui Briggs
88%
Earthrealm Sorcerer, Servant Of #5, Captures The Souls Of His VictimsShang Tsung
88%

Score Distribution

Percentile by Number Answered

Percent of People with Each Score

Your Score History

You have not taken this quiz since the last reset